000 00566cam a22002051 4500
001 8417907
005 20180111043923.0
008 720524s1959 ksua 000 0 eng
010 _a 59002547
035 _a(OCoLC)316912
040 _aDLC
_cODaWU
_dOCoLC
_dKPT
_dDLC
041 _aeng
080 _a37 WAL
082 _a37 WAL
100 1 _a46
101 _aEDU
245 1 0 _aPlain English handbook;
_cby J. Martyn Walsh and Anna Kathleen Walsh.
906 _a7
_bcbc
_coclcrpl
_du
_encip
_f19
_gy-gencatlg
942 _2ddc
_cBK
999 _c40078
_d40078